Hidden Neighbors of Austria Quiz Stats

 Plays Quiz Updated Jul 14, 2016

Challenge
Share
Tweet
Score 0/8 Timer 01:00
6 Plays Today
% Correct
Germany
91.9%
Switzerland
85.9%
Italy
84.4%
Czechia
81.1%
Hungary
76.9%
Slovakia
73.4%
Slovenia
68.9%
Liechtenstein
66%

You're not logged in!

Compare scores with friends on all Sporcle quizzes.
OR
Log In

You Might Also Like...

Show Comments

Extras

Top Quizzes Today


Score Distribution

Your Account Isn't Verified!

In order to create a playlist on Sporcle, you need to verify the email address you used during registration. Go to your Sporcle Settings to finish the process.

Report this User

Report this user for behavior that violates our Community Guidelines.

Details: